Introduction to operations research /
Guardado en:
| Autor Principal: | |
|---|---|
| Otros Autores: | , |
| Formato: | Libro |
| Idioma: | English French |
| Publicado: |
New York :
Academic Press,
1968.
|
| Series: | Mathematics in science and engineering ;
v. 47 |
| Materias: | |
| Etiquetas: |
Agregar Etiqueta
Sin Etiquetas, Sea el primero en etiquetar este registro!
|
| LEADER | 00962cam a22002655a 4500 | ||
|---|---|---|---|
| 001 | EIQ.libpla000039 | ||
| 008 | 711005s1968####nyua#####b####000#0#eng#d | ||
| 005 | 20060829153431.0 | ||
| 245 | 1 | 0 | |a Introduction to operations research / |c A. Kaufmann and R. Faure ; translated by Henry C. Sneyd. |
| 260 | |a New York : |b Academic Press, |c 1968. | ||
| 300 | |a xi, 300 p. : |b il. ; |c 24 cm. | ||
| 440 | 0 | |a Mathematics in science and engineering ; |v v. 47 | |
| 500 | |a Traducción de: Invitation à la recherche opérationnelle. | ||
| 504 | |a Bibliografía: p. 283-295. | ||
| 020 | |a 0124023606 | ||
| 100 | 1 | |a Kaufmann, A. |q (Arnold), |d 1911- | |
| 700 | 1 | |a Faure, Robert, |d 1918-1982. | |
| 700 | 1 | |a Sneyd, Henry C., |e tr. |4 trl | |
| 082 | 0 | 0 | |a 658.4 |
| 650 | 4 | |a Investigación Industrial |x Gestion. | |
| 650 | 4 | |a Research, Industrial |x management. | |
| 010 | |a 67023162 | ||
| 040 | |a DLC |c DLC |d AR-BbSID | ||
| 041 | 1 | |a eng |h fre | |
| 859 | |a AR-BbSID |b BIB. PLAPIQUI |h 001.424 |i K 162 |p 1851 | ||
